| 000 | 01625nam a2200265Ia 4500 | ||
|---|---|---|---|
| 999 |
_c43515 _d43515 |
||
| 001 | 10246 | ||
| 003 | GE_BSU | ||
| 005 | 20250415114603.0 | ||
| 008 | 181216s2008||||ge |||||||||||||| ||geo|| | ||
| 020 | _a9994081411 | ||
| 040 | _cGE_BSU | ||
| 041 | _ageo | ||
| 080 | _a087.5(031+821.353.1(031) ს-34 | ||
| 245 |
_aსაყმაწვილო ენციკლოპედია. წ.11. ქართული მწერლობა, ნაწ. 2 / _c[ავტ.-შემდგ. ვანო ამირხანაშვილი; რედ. თამარ ნინიკაშვილი; მხატვ. მალხაზ კუხაშვილი, ფოტ.: ჯემალ კასრაძე, მურმან ჩაჩუა; იდეისა და პროექტის ავტ. დოდო წივწივაძე] |
||
| 264 |
_aთბილისი : _bდილა, _c2008. |
||
| 300 |
_a128 გვ; _bილ; _c29 სმ. |
||
| 504 | _aბიბლიოგრაფია: გვ. 128. | ||
| 653 | _aსაყმაწვილო ენციკლოპედია | ||
| 653 | _aწ.11:ქართული მწერლობა,ნაწ.2 | ||
| 700 |
_aწივწივაძე, დოდო _924804 |
||
| 700 |
_aამირხანაშვილი, ვანო, ავტორი _eშემდგენელი _924805 |
||
| 700 |
_aნინიკაშვილი, თამარ _eრედაქტორი _924806 |
||
| 700 |
_aკუხაშვილი, მალხაზ _eილუსტრატორი _924807 |
||
| 942 |
_cBK _2udc |
||